000 00367 a2200169 4500
001 184007
020 _a84-348-2352-7
040 _cMagnum
100 _aCerda, Alfredo Gomez
240 1 0 _aJorge y el capitán
_lESP
245 1 0 _aJorge y el capitán
300 _a62
362 0 _a1999
440 1 _aSm
697 _aLITERATURA INFANTIL ESPANHOLA
942 _cBK
999 _c184007
_d184007